Statistics for Alphabetical Anagrams - European Countries Map Quiz

Click here to take the quiz!

General Stats

  • This quiz has been taken 103 times
    (51 since last reset)
  • The average score is 33 of 45

Answer Stats

Answer % Correct
acefnr
89%
adlnop
86%
begilmu
86%
deensw
86%
agloprtu
83%
ailty
83%
aegmnry
83%
adekmnr
80%
ainps
80%
aaiklosv
80%
beglmoruux
80%
kooosv
80%
anorwy
80%
airssu
80%
adfilnn
80%
aairstu
77%
aadnorr
77%
aailtv
77%
ceeegr
77%
adeilnrstwz
77%
adeilnr
74%
adeehlnnrst
74%
aaabdeeghiinnnoorsvz
71%
bccceehilpruz
71%
acdeiln
71%
ddegiikmnnotu
71%
aeinost
71%
acmnoo
71%
aeiknru
71%
adlmoov
71%
aalmt
71%
aaabiln
71%
aghnruy
69%
aeilnosv
69%
aahiilntu
69%
abeirs
69%
aabgilru
69%
aaciort
66%
ceeehiilnnstt
66%
aaimnor
66%
eegmnnoort
63%
abelrsu
63%
aacdeimno
57%
aacciinttvy
57%
aaimnnors
54%

Score Distribution

Percentile by Number Answered

Percent of People with Each Score

Your Score History

You have not taken this quiz since the last reset